[Event "Women's Speed Chess Q5"]
[Site "chess.com INT"]
[Date "2020.06.22"]
[Round "10"]
[White "Mammadova, Gulnar"]
[Black "Goltseva, Ekaterina"]
[Result "0-1"]
[WhiteTitle "IM"]
[BlackTitle "FM"]
[WhiteElo "2382"]
[BlackElo "2306"]
[WhiteFideId "13403508"]
[BlackFideId "24173770"]
[EventDate "2020.06.22"]

1. e4 e5 2. Nf3 Nc6 3. Bc4 Nf6 4. d3 Be7 5. O-O O-O 6. a4 d5 7. exd5 Nxd5 8.
Nbd2 Bg4 9. h3 Bh5 10. Ne4 Nb6 11. Bb5 Nd4 12. g4 Nxf3+ 13. Qxf3 Bg6 14. a5 Nd7
15. a6 bxa6 16. Bxa6 f5 17. Ng3 fxg4 18. Bc4+ Kh8 19. Qxg4 Nb6 20. Be3 Nxc4 21.
Qxc4 Bg5 22. Bxa7 Qd7 23. Qg4 Qe7 24. Be3 Bxe3 25. fxe3 Rxa1 26. Rxa1 Qc5 27.
Qe2 h6 28. Kg2 Qc6+ 29. e4 Rf4 30. Rf1 Qf6 31. Rxf4 exf4 32. Nf1 Qxb2 33. Qf2
Kh7 34. Nh2 Bh5 35. Nf3 Qc3 36. h4 Bg4 37. Nh2 Bh5 38. Nf3 Bg4 39. Nd4 c5 40.
Nf3 Bh5 41. Nh2 c4 42. d4 Bg6 43. Qe2 Qxd4 44. e5 Be4+ 45. Kh3 Qxe5 46. Ng4 Qf5
47. Kh2 f3 48. Nf6+ gxf6 49. Qf2 Qf4+ 50. Kg1 Qg4+ 51. Kh2 Qg2+ 52. Qxg2 fxg2
53. c3 Kg6 54. h5+ Kf5 55. Kh3 Kf4 56. Kh2 Ke3 57. Kg1 Kd3 58. Kf2 Kxc3 59. Ke3
Bc6 60. Kf4 g1=Q 61. Kf5 Qf2+ 62. Ke6 Be4 63. Kf7 Qf5 64. Kg7 Qxh5 65. Kxf6 Qf5+
66. Ke7 h5 67. Kd6 h4 68. Kc7 h3 69. Kd6 h2 70. Kc7 h1=Q 71. Kb6 Qh6+ 72. Kc7
Qf7+ 73. Kd8 Qh8# 0-1

[Event "Women's Speed Chess Q5"]
[Site "chess.com INT"]
[Date "2020.06.22"]
[Round "10"]
[White "Berend, Elvira"]
[Black "Turova, Irina"]
[Result "0-1"]
[WhiteTitle "WGM"]
[BlackTitle "IM"]
[WhiteElo "2326"]
[BlackElo "2381"]
[WhiteFideId "4000510"]
[BlackFideId "4120876"]
[EventDate "2020.06.22"]

1. d4 Nf6 2. Nf3 e6 3. g3 b5 4. Bg2 Bb7 5. O-O Be7 6. c3 d6 7. Nbd2 Nbd7 8. Re1
O-O 9. e4 a6 10. Qe2 e5 11. Nh4 g6 12. d5 c6 13. dxc6 Bxc6 14. Nf1 Nc5 15. Bh6
Re8 16. f3 a5 17. Rad1 b4 18. Kh1 bxc3 19. bxc3 Nh5 20. Be3 Na4 21. Qc4 Rc8 22.
Qd3 Qc7 23. Rc1 Rb8 24. Nd2 Rb2 25. a3 Ra2 26. Ra1 Rxa1 27. Rxa1 Rb8 28. Bh3 Rb2
29. Qc4 Qb7 30. Ng2 Rc2 31. Rb1 Rb2 32. Rc1 Bb5 33. Qd5 Qxd5 34. exd5 Bd3 35. c4
Nf6 36. Ne1 Be2 37. Bg2 Ra2 38. Nc2 Bd3 39. Ne1 Rxa3 40. f4 e4 41. Nxd3 exd3 42.
c5 Nxc5 43. Nc4 Ra2 44. Bxc5 dxc5 45. d6 Bd8 46. Rd1 Ng4 47. Kg1 Rc2 48. Bd5 Rc3
49. d7 Nf6 50. Ne3 Nxd7 51. Bc4 d2 52. Rxd2 Rxe3 53. Rxd7 Be7 54. Kf2 Re4 55.
Bd5 Rd4 56. Ke3 Kf8 57. Bc6 Rxd7 58. Bxd7 Bd6 59. g4 Ke7 60. Bb5 Ke6 61. h3 f6
62. Bc4+ Ke7 63. Ke4 Bc7 64. f5 gxf5+ 65. gxf5 Be5 66. Kd5 Bd4 67. Kc6 a4 68.
Kb5 a3 69. Ka4 Kd6 70. Kxa3 Ke5 71. Be6 c4 72. Kb4 c3 73. Kb3 Kf4 74. Kc2 Be5
75. Kd3 h5 76. Kc2 h4 77. Kd3 Kg3 78. Bb3 Kxh3 79. Ke3 Kg4 80. Kf2 Kxf5 81. Kf3
Kg5 82. Bc2 h3 83. Bd3 h2 84. Kg2 Kf4 85. Bc2 Ke3 0-1

[Event "Women's Speed Chess Q5"]
[Site "chess.com INT"]
[Date "2020.06.22"]
[Round "10"]
[White "Cyfka, Karina"]
[Black "Mahalakshmi, M"]
[Result "1-0"]
[WhiteTitle "IM"]
[BlackTitle "WIM"]
[WhiteElo "2411"]
[BlackElo "2253"]
[WhiteFideId "1122681"]
[BlackFideId "5001080"]
[EventDate "2020.06.22"]

1. d4 Nf6 2. c4 b6 3. Nf3 e6 4. g3 Ba6 5. b3 Bb7 6. Bg2 Bb4+ 7. Bd2 c5 8. O-O
O-O 9. d5 exd5 10. Bxb4 cxb4 11. Nh4 Ne4 12. cxd5 Qf6 13. Bxe4 Qxa1 14. Qd3 g6
15. Nf3 Na6 16. Nbd2 Qf6 17. Qb5 Qe7 18. d6 Qxd6 19. Bxb7 Nc7 20. Qe5 Qxe5 21.
Nxe5 Rad8 22. Rc1 Nb5 23. Ndf3 Nc3 24. Rc2 Rfe8 25. Ba6 f6 26. Ng4 Kg7 27. Bd3
d5 28. Nd4 Rc8 29. Ne3 h5 30. h4 Kf7 31. Ng2 Ne4 32. Rb2 Rc1+ 33. Kh2 Nxf2 34.
Nf4 Nxd3 35. Nxd3 Rc3 36. Nxb4 Rc5 37. Nd3 Rcc8 38. Kg2 a6 39. Kf2 Re4 40. Nf3
Rce8 41. a4 R8e7 42. b4 Rc4 43. Nf4 d4 44. b5 Rxa4 45. bxa6 Rxa6 46. Nxd4 Ra4
47. Nc6 Re8 48. Rxb6 Rae4 49. Rb7+ Kg8 50. Nb4 g5 51. hxg5 fxg5 52. Nfd5 Rxe2+
53. Kf3 g4+ 54. Kf4 R2e4+ 55. Kg5 R4e5+ 56. Kg6 R8e6+ 57. Nf6+ Rxf6+ 58. Kxf6
Re3 59. Kg6 Re8 60. Nd5 Re3 61. Rb8+ 1-0

[Event "Women's Speed Chess Q5"]
[Site "chess.com INT"]
[Date "2020.06.22"]
[Round "10"]
[White "Tsotsonava, Elene"]
[Black "Kaya, Emel"]
[Result "1/2-1/2"]
[WhiteTitle "WFM"]
[BlackTitle "WCM"]
[WhiteElo "2012"]
[BlackElo "1912"]
[WhiteFideId "13615939"]
[BlackFideId "6306411"]
[EventDate "2020.06.22"]

1. e4 c5 2. Nf3 g6 3. d4 cxd4 4. Nxd4 Bg7 5. c4 Nc6 6. Be3 Nf6 7. Nc3 O-O 8. Be2
b6 9. O-O Bb7 10. Rc1 e6 11. Nxc6 dxc6 12. e5 Ne8 13. f4 f6 14. exf6 Qxf6 15.
Bf3 Rd8 16. Qe2 Nd6 17. Rcd1 Nf5 18. Bf2 Nd4 19. Qe4 Nxf3+ 20. Qxf3 Rxd1 21.
Rxd1 Qxf4 22. Qe2 e5 23. Rd7 Ba6 24. Ne4 Qc1+ 25. Qf1 Qxf1+ 26. Kxf1 Bxc4+ 27.
Ke1 Bd5 28. Nc3 Bxg2 29. Rxa7 e4 30. Bxb6 Bh6 31. Bc5 Rf1+ 32. Ke2 Rc1 33. Ra8+
Kf7 34. Ra7+ Ke6 35. Re7+ Kf5 36. Rxh7 Bf3+ 37. Kf2 Rc2+ 38. Kf1 e3 39. Rf7+ Kg4
40. h3+ Kg3 41. Bd6+ Kxh3 42. Rxf3+ Kg4 43. Rg3+ Kf5 44. Ne2 Rxb2 45. Rf3+ Ke4
46. Rf6 Bg7 47. Rxg6 Bd4 48. Rg4+ Kd5 49. Rxd4+ Ke6 50. Rd1 Rxa2 51. Bc5 Rd2 52.
Rxd2 exd2 53. Nc3 Ke5 54. Ke2 d1=Q+ 55. Kxd1 Kf5 56. Kd2 Ke6 57. Kd3 Kf5 58. Kd4
Kf4 59. Bd6+ Kf5 60. Ke3 Ke6 61. Bc5 Kf5 62. Ne4 Ke5 63. Bd4+ Kd5 64. Kd3 Ke6
65. Nc5+ Kd5 66. Ne4 Ke6 67. Nc3 Kf5 68. Kc4 Ke6 69. Kc5 Kf5 70. Kxc6 Kf4 71.
Kd5 Kf3 72. Ne4 Kf4 73. Be5+ Ke3 74. Bd4+ Kf4 75. Be5+ Kf5 76. Nd6+ Kg4 77. Ke4
Kg5 78. Nf5 Kg4 79. Ne3+ Kg5 80. Kf3 Kg6 81. Kf4 Kf7 82. Nf5 Ke6 83. Ke4 Kf7 84.
Kd5 Kg6 85. Ke6 Kg5 86. Bf6+ Kf4 87. Be5+ Ke4 88. Nd6+ Kd3 89. Kd5 Ke3 90. Ne4
Kf3 91. Kd4 Kg4 92. Ke3 Kf5 93. Bf4 Ke6 94. Bg5 Ke5 95. Bf4+ Kd5 96. Kd3 Ke6 97.
Kd4 Kf5 98. Bd2 Ke6 99. Nc5+ Kf5 100. Kd5 Kf6 101. Ne4+ Kf5 102. Bc3 Kf4 103.
Be5+ 1/2-1/2

[Event "Women's Speed Chess Q5"]
[Site "chess.com INT"]
[Date "2020.06.22"]
[Round "11"]
[White "Sliwicka, Alicja"]
[Black "Kiran, Manisha Mohanty"]
[Result "1-0"]
[WhiteTitle "WIM"]
[BlackTitle "WGM"]
[WhiteElo "2317"]
[BlackElo "2168"]
[WhiteFideId "1150677"]
[BlackFideId "5019575"]
[EventDate "2020.06.22"]

1. e4 c5 2. Nf3 d6 3. d4 cxd4 4. Nxd4 Nf6 5. Nc3 Nc6 6. Bg5 e6 7. Bb5 Bd7 8.
Bxc6 bxc6 9. Qf3 e5 10. Nf5 h6 11. Bh4 g5 12. Bg3 h5 13. h4 g4 14. Qd3 Qb6 15.
Nxd6+ Bxd6 16. Qxd6 Qxb2 17. O-O Rh6 18. Bxe5 1-0

[Event "Women's Speed Chess Q5"]
[Site "chess.com INT"]
[Date "2020.06.22"]
[Round "11"]
[White "Kaya, Emel"]
[Black "Sviridova, Vlada"]
[Result "0-1"]
[WhiteTitle "WCM"]
[BlackTitle "WFM"]
[WhiteElo "1912"]
[BlackElo "2144"]
[WhiteFideId "6306411"]
[BlackFideId "24109606"]
[EventDate "2020.06.22"]

1. e4 e6 2. c4 d5 3. exd5 exd5 4. d4 Nf6 5. Nc3 Bb4 6. Nf3 O-O 7. Qb3 Bxc3+ 8.
bxc3 Nc6 9. Be2 Re8 10. Be3 Be6 11. O-O Na5 12. Qa4 Nxc4 13. Bxc4 dxc4 14. Rab1
Bd5 15. Ne5 a6 16. Qa5 b6 17. Qa4 b5 18. Qa5 c6 19. a4 Qxa5 0-1

[Event "Women's Speed Chess Q5"]
[Site "chess.com INT"]
[Date "2020.06.22"]
[Round "11"]
[White "Smirnova, Ekaterina"]
[Black "Gaponenko, Inna"]
[Result "0-1"]
[WhiteTitle "WIM"]
[BlackTitle "IM"]
[WhiteElo "2278"]
[BlackElo "2396"]
[WhiteFideId "4110943"]
[BlackFideId "14101181"]
[EventDate "2020.06.22"]

1. d4 g6 2. c4 Bg7 3. e4 d6 4. Nc3 Nc6 5. Be3 e5 6. d5 Nd4 7. Nf3 Bg4 8. Be2
Bxf3 9. Bxf3 c5 10. dxc6 bxc6 11. O-O Ne7 12. Be2 c5 13. Nd5 Nxd5 14. exd5 O-O
15. Bd3 Rb8 16. b3 a5 17. Bxd4 cxd4 18. Qd2 f5 19. f3 Re8 20. Rfe1 Qb6 21. Kh1
Qb4 22. Qxb4 axb4 23. a4 bxa3 24. Rxa3 Rb6 25. Bc2 Bh6 26. Ra5 Bd2 27. Re2 Bxa5 0-1

[Event "Women's Speed Chess Q5"]
[Site "chess.com INT"]
[Date "2020.06.22"]
[Round "11"]
[White "Munkhzul, Davaakhuu"]
[Black "Sharma, Isha"]
[Result "0-1"]
[WhiteTitle "WFM"]
[BlackTitle "WIM"]
[WhiteElo "1991"]
[BlackElo "2276"]
[WhiteFideId "4902815"]
[BlackFideId "35006665"]
[EventDate "2020.06.22"]

1. e4 e6 2. d4 d5 3. Nd2 Nf6 4. e5 Nfd7 5. c3 c5 6. Bd3 Nc6 7. Ne2 cxd4 8. cxd4
f6 9. exf6 Nxf6 10. O-O Bd6 11. Nf3 Qc7 12. Bg5 O-O 13. Rc1 Bd7 14. Bb1 Rac8 15.
Bxf6 Rxf6 16. Qd3 Rh6 17. Ng3 Bf4 18. Rcd1 Qb6 19. b3 Nb4 20. Qe2 Bb5 21. Qe1
Nc2 22. Bxc2 Rxc2 23. Ne5 Bxf1 24. Qxf1 Bxe5 25. dxe5 Rxa2 26. Rb1 Rh4 27. Qe1
Rf4 28. Rc1 Rfxf2 0-1

[Event "Women's Speed Chess Q5"]
[Site "chess.com INT"]
[Date "2020.06.22"]
[Round "11"]
[White "Shafigullina, Zarina"]
[Black "Vargas, Gabriela"]
[Result "1-0"]
[WhiteTitle "WFM"]
[BlackTitle "WIM"]
[WhiteElo "2296"]
[BlackElo "2170"]
[WhiteFideId "24174220"]
[BlackFideId "3700860"]
[EventDate "2020.06.22"]

1. d4 d5 2. Nf3 c6 3. g3 Bg4 4. Bg2 Nd7 5. O-O e6 6. c4 Ngf6 7. Nc3 Be7 8. cxd5
exd5 9. Re1 O-O 10. e4 dxe4 11. Nxe4 Bb4 12. Bd2 Bxd2 13. Qxd2 Nxe4 14. Rxe4 Nf6
15. Ree1 Qd6 16. b4 Rfe8 17. Ne5 Bd7 18. b5 cxb5 19. Bxb7 Rad8 20. Rac1 Bh3 21.
Qa5 Qxd4 22. Nc6 Rxe1+ 23. Rxe1 Qd2 24. Qxd8+ Qxd8 25. Nxd8 1-0

[Event "Women's Speed Chess Q5"]
[Site "chess.com INT"]
[Date "2020.06.22"]
[Round "11"]
[White "Nikulina, Alena"]
[Black "Smietanska, Wiktoria"]
[Result "1-0"]
[WhiteTitle "WFM"]
[BlackTitle "CM"]
[WhiteElo "1887"]
[BlackElo "1593"]
[WhiteFideId "4172051"]
[BlackFideId "21869359"]
[EventDate "2020.06.22"]

1. e4 c5 2. Nf3 d6 3. d4 cxd4 4. Nxd4 Nf6 5. Nc3 a6 6. Be2 e5 7. Nb3 Be6 8. Be3
Nbd7 9. O-O Be7 10. f4 b5 11. f5 Bc4 12. Nd2 Bxe2 13. Qxe2 Nc5 14. a3 O-O 15.
Rad1 Qc7 16. g4 Rfd8 17. g5 Nfd7 18. Nd5 Qb7 19. Nxe7+ Kf8 20. Nd5 Nb6 21. Bxc5
dxc5 22. Nxb6 Qxb6 23. Nf3 Rxd1 24. Rxd1 Rd8 25. Rxd8+ Qxd8 26. Qd3 Qb6 27. Kg2
c4 28. Qd5 Qa5 29. Nxe5 Qc7 30. f6 gxf6 31. gxf6 Kg8 32. Qa8+ Qc8 33. Qxc8# 1-0

[Event "Women's Speed Chess Q5"]
[Site "chess.com INT"]
[Date "2020.06.22"]
[Round "11"]
[White "Muminova, Nafisa"]
[Black "Padmini, Rout"]
[Result "1-0"]
[WhiteTitle "WGM"]
[BlackTitle "IM"]
[WhiteElo "2274"]
[BlackElo "2370"]
[WhiteFideId "14201526"]
[BlackFideId "5029295"]
[EventDate "2020.06.22"]

1. d4 Nf6 2. Nc3 d5 3. Bf4 e6 4. Nb5 Na6 5. e3 c6 6. Nc3 Bb4 7. Bxa6 bxa6 8. Nf3
Ne4 9. O-O Nxc3 10. bxc3 Bxc3 11. Rb1 O-O 12. Ne5 Qe8 13. Qg4 Kh8 14. Rb3 Ba5
15. e4 f6 16. Rg3 Rg8 17. Ng6+ Qxg6 18. Qxg6 hxg6 19. Rh3# 1-0

[Event "Women's Speed Chess Q5"]
[Site "chess.com INT"]
[Date "2020.06.22"]
[Round "11"]
[White "Mahalakshmi, M"]
[Black "Nikoladze, Sopio"]
[Result "1-0"]
[WhiteTitle "WIM"]
[BlackTitle "WIM"]
[WhiteElo "2253"]
[BlackElo "2132"]
[WhiteFideId "5001080"]
[BlackFideId "13600427"]
[EventDate "2020.06.22"]

1. d4 b5 2. Bf4 Bb7 3. e3 a6 4. Nf3 e6 5. c4 b4 6. Bd3 c5 7. O-O d5 8. cxd5 Bxd5
9. dxc5 Bxc5 10. Nbd2 Nf6 11. Bg5 h6 12. Bh4 Be7 13. e4 Bc6 14. Qe2 O-O 15. Rfd1
Qb6 16. Nc4 Qa7 17. Rac1 Rc8 18. e5 Nd5 19. Bxe7 Qxe7 20. Nd6 Rd8 21. Nd4 Nf4
22. Qg4 Nxd3 23. Rxd3 Bd5 24. Rg3 g6 25. Qf4 h5 26. Qh6 Nd7 27. Nxf7 Qxf7 28.
Rxg6+ Qxg6 29. Qxg6+ Kf8 30. Nxe6+ Ke7 31. Nxd8 1-0

[Event "Women's Speed Chess Q5"]
[Site "chess.com INT"]
[Date "2020.06.22"]
[Round "11"]
[White "Shukhman, Anna"]
[Black "Pham, Bich Ngoc"]
[Result "0-1"]
[WhiteTitle "WCM"]
[BlackTitle "WIM"]
[WhiteElo "1866"]
[BlackElo "2235"]
[WhiteFideId "54180058"]
[BlackFideId "12401285"]
[EventDate "2020.06.22"]

1. e4 g6 2. d4 Bg7 3. Nc3 d6 4. Nf3 Nc6 5. Be3 e5 6. d5 Nce7 7. h4 h6 8. Qd2 f5
9. g3 Nf6 10. Bd3 Ng4 11. h5 Nxe3 12. Qxe3 g5 13. exf5 Bxf5 14. Bxf5 Nxf5 15.
Qe4 O-O 16. O-O-O Qf6 17. Qb4 b6 18. Ne4 Qf7 19. Nfd2 Qxd5 20. f4 exf4 21. Nf3
Qf7 22. gxf4 Ne3 23. Rdg1 Qxf4 24. Nfd2 d5 25. Qb3 Kh8 26. Nc3 Nc4 27. Rg2 c6
28. Rd1 Ne3 0-1

[Event "Women's Speed Chess Q5"]
[Site "chess.com INT"]
[Date "2020.06.22"]
[Round "11"]
[White "Starosta, Martyna"]
[Black "Golubenko, Valentina"]
[Result "0-1"]
[WhiteTitle "WCM"]
[BlackTitle "WGM"]
[WhiteElo "2079"]
[BlackElo "2209"]
[WhiteFideId "21818754"]
[BlackFideId "4501993"]
[EventDate "2020.06.22"]

1. e4 g6 2. d4 Bg7 3. Nc3 c6 4. f4 c5 5. Nf3 cxd4 6. Nxd4 Nc6 7. Be3 d6 8. Be2
Nf6 9. O-O O-O 10. Kh1 a6 11. a4 e5 12. Nxc6 bxc6 13. a5 Rb8 14. Bb6 Qe7 15.
fxe5 Qxe5 16. Bd4 Qe6 17. Bf3 c5 18. Bxf6 Qxf6 19. Nd5 Qxb2 20. Rb1 Qxb1 21.
Qxb1 Rxb1 22. Rxb1 Be6 23. Nc7 Bc4 24. Ra1 Bxa1 0-1

[Event "Women's Speed Chess Q5"]
[Site "chess.com INT"]
[Date "2020.06.22"]
[Round "11"]
[White "Belenkaya, Dina"]
[Black "Tereladze, Sopiko"]
[Result "0-1"]
[WhiteTitle "WGM"]
[BlackTitle "WIM"]
[WhiteElo "2297"]
[BlackElo "2141"]
[WhiteFideId "24142654"]
[BlackFideId "13600486"]
[EventDate "2020.06.22"]

1. e4 e5 2. Nf3 Nc6 3. d4 exd4 4. Nxd4 Nf6 5. Nxc6 bxc6 6. Bd3 d5 7. exd5 cxd5
8. O-O Be7 9. c4 dxc4 10. Bxc4 O-O 11. Nc3 Bb7 12. Bf4 h6 13. Qa4 Qc8 14. f3
Bc5+ 15. Kh1 Qf5 16. Bxc7 Rac8 17. Bg3 Nh5 18. Bf2 Bd6 19. Ne4 Bxe4 20. fxe4 Qe5
21. Bg1 Ng3+ 22. hxg3 Qh5+ 23. Bh2 Bxg3 24. Bxf7+ Rxf7 25. Rxf7 Qxh2# 0-1

[Event "Women's Speed Chess Q5"]
[Site "chess.com INT"]
[Date "2020.06.22"]
[Round "11"]
[White "Zakirova, Aisha"]
[Black "Franco Valencia, Angela"]
[Result "1-0"]
[WhiteTitle "WCM"]
[BlackTitle "WIM"]
[WhiteElo "1585"]
[BlackElo "2089"]
[WhiteFideId "13719734"]
[BlackFideId "4403070"]
[EventDate "2020.06.22"]

1. d4 Nf6 2. c4 c5 3. d5 e6 4. Nc3 exd5 5. cxd5 Bd6 6. e4 g6 7. Nf3 O-O 8. Bd3
Re8 9. O-O Bf8 10. e5 Ng4 11. Bg5 Qb6 12. Ne4 h6 13. Bh4 Bg7 14. Nd6 Rf8 15. Be7
Nxe5 16. Bxf8 Nxf3+ 17. Qxf3 f5 18. Nxc8 Qxb2 19. Bxg7 Kxg7 20. Ne7 Na6 21. Rab1
Qf6 22. Bxa6 bxa6 23. d6 Rd8 24. Rbd1 Rb8 25. Nd5 Qb2 26. Rfe1 Qxa2 27. Qe3 Rf8
28. Qe5+ Kg8 29. Ne7+ Kf7 30. Qd5+ Qxd5 31. Nxd5 Rb8 32. Re7+ Kf8 33. Rxd7 c4
34. Rc7 1-0

[Event "Women's Speed Chess Q5"]
[Site "chess.com INT"]
[Date "2020.06.22"]
[Round "11"]
[White "Nguyen, Thi Thanh An"]
[Black "Filippova, Margarita"]
[Result "1-0"]
[WhiteTitle "WGM"]
[BlackTitle "WFM"]
[WhiteElo "2285"]
[BlackElo "1931"]
[WhiteFideId "12400300"]
[BlackFideId "34199680"]
[EventDate "2020.06.22"]

1. d4 Nf6 2. c4 e6 3. Nf3 d5 4. Qc2 c6 5. g3 Nbd7 6. Bg2 Bd6 7. O-O O-O 8. Nc3
e5 9. cxd5 cxd5 10. Nb5 Bb8 11. dxe5 Nxe5 12. b3 Nxf3+ 13. Bxf3 Be5 14. Bb2 Bxb2
15. Qxb2 Bh3 16. Rfd1 Qb6 17. Nd4 Ne4 18. e3 Rac8 19. Rac1 Qg6 20. Bg2 Bxg2 21.
Kxg2 Ng5 22. Qe2 Qe4+ 23. f3 Qg6 24. Rxc8 Rxc8 25. Qd3 Qh5 26. Qf5 Re8 27. h4
Qh6 28. Qxg5 Qa6 29. Rd2 Qa5 30. Rf2 Qc3 31. Qxd5 Qxe3 32. Re2 Qxe2+ 33. Nxe2 1-0

[Event "Women's Speed Chess Q5"]
[Site "chess.com INT"]
[Date "2020.06.22"]
[Round "11"]
[White "Diakonova, Ekaterina"]
[Black "Socko, Monika"]
[Result "0-1"]
[BlackTitle "GM"]
[WhiteElo "2209"]
[BlackElo "2428"]
[WhiteFideId "24172936"]
[BlackFideId "1106619"]
[EventDate "2020.06.22"]

1. e4 e6 2. d4 d5 3. Nd2 Be7 4. Ngf3 Nf6 5. e5 Nfd7 6. Bd3 c5 7. c3 Nc6 8. O-O
g5 9. Bb5 g4 10. Bxc6 bxc6 11. Ne1 h5 12. f4 cxd4 13. cxd4 c5 14. f5 cxd4 15.
fxe6 fxe6 16. Nb3 Nxe5 17. Qxd4 Qb6 18. Be3 Qxd4 19. Bxd4 Bd6 20. Nd3 Nxd3 21.
Bxh8 e5 22. Rad1 Ba6 23. Rf5 Ke7 24. Rxh5 Rf8 25. Nc1 Bc5+ 26. Kh1 Nf2+ 27. Kg1
Nxd1+ 0-1

[Event "Women's Speed Chess Q5"]
[Site "chess.com INT"]
[Date "2020.06.22"]
[Round "11"]
[White "Kubicka, Anna"]
[Black "Yakimova, Mariya"]
[Result "0-1"]
[WhiteTitle "WIM"]
[BlackTitle "WFM"]
[WhiteElo "2256"]
[BlackElo "2269"]
[WhiteFideId "1152254"]
[BlackFideId "34188859"]
[EventDate "2020.06.22"]

1. e4 c5 2. Ne2 Nc6 3. g3 Nf6 4. Bg2 g6 5. O-O Bg7 6. c3 O-O 7. d4 cxd4 8. cxd4
d5 9. exd5 Nxd5 10. Nbc3 Be6 11. Ne4 Nb6 12. Be3 Bd5 13. b3 Rc8 14. Qd2 e5 15.
Rfd1 exd4 16. Nxd4 Qe7 17. Nc3 Bxg2 18. Kxg2 Nxd4 19. Bxd4 Rfd8 20. Ne2 Qe4+ 21.
f3 Qf5 22. Qe3 Re8 23. Qf2 Rc2 24. Re1 Bxd4 25. Qxd4 Rcxe2+ 26. Rxe2 Rxe2+ 27.
Kg1 Qd5 28. Qf6 Qc5+ 29. Kh1 Qf2 0-1

[Event "Women's Speed Chess Q5"]
[Site "chess.com INT"]
[Date "2020.06.22"]
[Round "11"]
[White "Tomilova, Elena"]
[Black "Danielian, Elina"]
[Result "1/2-1/2"]
[WhiteTitle "WGM"]
[BlackTitle "GM"]
[WhiteElo "2353"]
[BlackElo "2407"]
[WhiteFideId "4162340"]
[BlackFideId "13300210"]
[EventDate "2020.06.22"]

1. c4 e6 2. Nf3 c5 3. g3 Nc6 4. Bg2 Nf6 5. O-O Be7 6. d4 cxd4 7. Nxd4 O-O 8. Nc3
Nxd4 9. Qxd4 d6 10. Bg5 h6 11. Bxf6 Bxf6 12. Qd2 Qc7 13. Rac1 a6 14. Rfd1 Rd8
15. b3 Rb8 16. e3 b6 17. a4 Be7 18. Qe2 Bd7 19. Qh5 Be8 20. Qg4 Qc5 21. h4 Qb4
22. Ne2 Qxb3 23. Nd4 Qxa4 24. Nxe6 fxe6 25. Qxe6+ Bf7 26. Qxe7 Qb4 27. Bd5 Bxd5
28. cxd5 Qg4 29. Rd4 Qd7 30. Rc7 Qxe7 31. Rxe7 Re8 32. Rd7 Red8 33. Re7 Re8 34.
Rd7 Red8 35. Re7 1/2-1/2

[Event "Women's Speed Chess Q5"]
[Site "chess.com INT"]
[Date "2020.06.22"]
[Round "11"]
[White "Zhukova, Natalia"]
[Black "Skuhala, Barbara"]
[Result "1-0"]
[WhiteTitle "GM"]
[BlackTitle "WFM"]
[WhiteElo "2328"]
[BlackElo "2095"]
[WhiteFideId "14101513"]
[BlackFideId "14605465"]
[EventDate "2020.06.22"]

1. c4 Nf6 2. Nc3 e6 3. e4 d5 4. cxd5 exd5 5. e5 d4 6. exf6 dxc3 7. Bb5+ c6 8.
Qe2+ Be6 9. Bc4 cxd2+ 10. Bxd2 Qd7 11. O-O-O g6 12. Ba5 Bh6+ 13. Kc2 Qc8 14.
Bxe6 fxe6 15. Rd8+ Kf7 16. Rxc8 Rxc8 17. Nf3 b6 18. Bc3 Nd7 19. Rd1 Rd8 20. Rd6
Nc5 21. Ne5+ Kf8 22. Rxd8+ Rxd8 23. Ng4 Bg5 24. b4 Nb7 25. Qxe6 Re8 26. Qd7 1-0

[Event "Women's Speed Chess Q5"]
[Site "chess.com INT"]
[Date "2020.06.22"]
[Round "11"]
[White "Linares Napoles, Oleiny"]
[Black "Dwilewicz, Katarzyna"]
[Result "1-0"]
[WhiteTitle "WGM"]
[BlackTitle "WFM"]
[WhiteElo "2215"]
[BlackElo "2120"]
[WhiteFideId "3504794"]
[BlackFideId "1148486"]
[EventDate "2020.06.22"]

1. c4 Nf6 2. Nc3 g6 3. g3 Bg7 4. Bg2 O-O 5. e4 d6 6. Nge2 e5 7. O-O Nc6 8. d3 h6
9. h3 Be6 10. Be3 Qd7 11. Kh2 Kh7 12. Nd5 Ng8 13. d4 exd4 14. Nxd4 Nxd4 15. Bxd4
c6 16. Bxg7 Kxg7 17. Qd4+ Kh7 18. Ne3 Qe7 19. Rad1 Rfd8 20. Rd2 Nf6 21. Rfd1 Ne8
22. b3 a6 23. Qb6 Rd7 24. c5 dxc5 25. Rxd7 Bxd7 26. Qxb7 Rd8 27. Nc4 Qf6 28.
Rxd7 Rxd7 29. Qxd7 Ng7 30. f4 h5 31. e5 Qe6 32. Qxe6 Nxe6 33. Bxc6 1-0

[Event "Women's Speed Chess Q5"]
[Site "chess.com INT"]
[Date "2020.06.22"]
[Round "11"]
[White "Klinova, Masha"]
[Black "Gokbulut, Julia"]
[Result "1-0"]
[WhiteTitle "IM"]
[BlackTitle "WFM"]
[WhiteElo "2275"]
[BlackElo "1970"]
[WhiteFideId "2802015"]
[BlackFideId "4153979"]
[EventDate "2020.06.22"]

1. e4 c6 2. d4 d5 3. Nc3 dxe4 4. Nxe4 Bf5 5. Ng3 Bg6 6. h4 h6 7. Nf3 e6 8. h5
Bh7 9. Bd3 Bxd3 10. Qxd3 Nd7 11. Bd2 Ngf6 12. O-O-O Be7 13. Kb1 O-O 14. Ne4 Nxe4
15. Qxe4 Nf6 16. Qe2 Qd5 17. Ne5 Qe4 18. Be3 c5 19. f3 Qd5 20. c4 Qd6 21. g4
cxd4 22. Bxd4 Qb4 23. Bc3 Qa4 24. b3 Qa6 25. g5 hxg5 26. h6 Rfd8 27. hxg7 Rxd1+
28. Qxd1 Qd6 29. Qxd6 Bxd6 30. Rh8+ Kxg7 31. Rxa8 a6 32. Ng4 Be7 33. Ra7 Kg6 34.
Nxf6 Bxf6 35. Bxf6 Kxf6 36. Rxb7 e5 37. Kc2 Kg6 38. Kd3 f5 39. Ke3 Kh5 40. c5 g4
41. fxg4+ Kxg4 42. c6 f4+ 43. Kf2 e4 44. Rg7+ Kf5 45. c7 1-0

[Event "Women's Speed Chess Q5"]
[Site "chess.com INT"]
[Date "2020.06.22"]
[Round "11"]
[White "Morris-Suzuki, Sophie"]
[Black "Sargsyan, Anna M."]
[Result "0-1"]
[WhiteTitle "WFM"]
[BlackTitle "WGM"]
[WhiteElo "2043"]
[BlackElo "2405"]
[WhiteFideId "30922615"]
[BlackFideId "13308130"]
[EventDate "2020.06.22"]

1. e4 c6 2. d4 d5 3. e5 Bf5 4. h4 h5 5. Bd3 Bxd3 6. Qxd3 e6 7. Bg5 Ne7 8. Nf3
Qb6 9. Nbd2 Nf5 10. O-O Nd7 11. c4 Bb4 12. a3 Bxd2 13. Bxd2 dxc4 14. Qxc4 O-O
15. Bc3 Rfd8 16. g3 c5 17. d5 exd5 18. Qxd5 Nf6 19. Qc4 Ng4 20. Ng5 Qg6 21. e6
fxe6 22. Nxe6 Qf7 23. b3 Re8 24. Rae1 b5 25. Qd5 Rad8 26. Qxd8 Rxd8 27. Nxd8
Qxb3 28. Re8+ Kh7 29. Bd2 Nxg3 30. Rfe1 Qf3 31. Be3 Qh1# 0-1